000 00958cab a2200253 4500
001 ABS51506
008 090401t1994 xxu||||| |||| 00| 0 eng d
035 _a(Sirsi) u30885
041 _aeng
100 _aDavies, H.
245 4 _aThe water permeability of masonry coatings: comparison of BS:6477:1984 Appendix F and draft EN test method
260 _c1994
350 _a0
490 _aSurface Coatings International
_v77(9) September 1994, 386-390(4)
520 _aCompares two methods of testing the permeability of paints and varnishes, one of which is being developed by the CEN Technical Committee 139. The authors are from the BRE and they suggest several amendments to the draft EN method.
650 _aABSORPTION
650 _aCALCIUM SILICATE BRICKS
650 _aMASONRY COATINGS
650 _aWATER PERMEABILITY
690 _aBUILT ENVIRONMENT-BUILDING MATERIALS
700 _aBassi, R.S.
942 _n0
948 _c04/03/1997
999 _c20795
_d20795